000
00303nam a22001217a 4500
040
_c
SY
082
_a
333
100
_a
VON MONIN; វន មុនិន្ទ
245
_a
Watershed management, ការរៀបចំទីជំរាល
260
_a
RUA
_b
VON
_c
1998
300
_a
58p.
942
_c
KB
999
_c
9418
_d
9418